01288nam a2200325Ka 4500001001200000003000800012006001900020007001500039008004100054020001800095020001800113040002100131035002100152050002300173245007800196246005200274246005400326260004300380300001500423533015200438650002500590650003900615650005900654650004400713655002900757710001600786710001700802856012600819999001700945ebr10626515CaPaEBRm u cr cn|||||||||121121s2013 dcu ss 000 0 eng d z9780821397558 z9780821397541 aCaPaEBRcCaPaEBR a(OCoLC)82372953914aHG176b.L58 2013eb00aLittle data book on financial developmenth[electronic resource] .n2013.14a13 :blittle data book on financial development3 a2013 :blittle data book on financial development aWashington, D.C. :bWorld Bank,c2013. avi, 227 p. aElectronic reproduction.bPalo Alto, Calif. :cebrary,d2011.nAvailable via World Wide Web.nAccess may be limited to ebrary affiliated libraries. 0aFinancevStatistics. 0aInternational financevStatistics. 0aFinancial institutionsxState supervisionvStatistics. 0aFinancexGovernment policyvStatistics. 7aElectronic books.2local2 aWorld Bank.2 aebrary, Inc.40uhttp://site.ebrary.com/lib/rucke/Doc?id=10626515zAn electronic book accessible through the World Wide Web; click to view c50813d50813